[Event "World Cup"]
[Site "Skelleftea"]
[Date "1989.08.??"]
[Round "5"]
[White "Kasparov, Garry"]
[Black "Andersson, Ulf"]
[Result "1/2-1/2"]
[WhiteElo "2775"]
[BlackElo "2635"]
[PlyCount "69"]
[EventDate "1989.08.??"]
[EventType "tourn"]
[EventRounds "15"]
[EventCountry "SWE"]
[EventCategory "16"]
[SourceTitle "CBM 014"]
[Source "ChessBase"]
[SourceDate "1990.02.01"]
[SourceVersion "1"]
[SourceVersionDate "1990.02.01"]
[SourceQuality "1"]

1. d4 Nf6 2. c4 e6 3. Nc3 Bb4 4. Qc2 O-O 5. a3 Bxc3+ 6. Qxc3 d6 7. Nf3 Nbd7 8. g3 b6 9. Bg2 Bb7 10. O-O Qe7 11. b4 c5 12. Bb2 cxd4 ({RR} 12... Rac8 13. Rac1 Rfe8 14. Rfd1 e5 15. d5 cxb4 16. axb4 Bxd5 17. Nxe5 Nxe5 18. Bxd5 Nxd5 19. Rxd5 Rxc4 20. Qe3 Rxc1+ 21. Bxc1 Nc4 22. Qxe7 Rxe7 23. Bf4 Rxe2 24. Bxd6 f6 25. b5 Kf7 26. Bb8 Re7 27. Rd4 {Nunez Gregoire,D (2249)-Mocic,I (2133) Terme Catez SLO 2025 ½-½ (74)}) 13. Qxd4 Rfc8 ({RR} 13... Rac8 14. Rfd1 Ne5 15. Nxe5 dxe5 16. Qxe5 Bxg2 17. Kxg2 Rxc4 18. Rac1 Rcc8 19. f3 h6 20. Kf2 Rfd8 21. Qf4 Nd5 22. Qd4 Nf6 23. Qf4 Nd5 24. Qd4 Nf6 25. Qf4 Nd5 {½-½ (25) Ponomariov,R (2714)-Harikrishna,P (2727) Beijing 2014}) 14. Rfd1 Ne8 $146 ({RR} 14... Nf8 15. Nh4 Bxg2 16. Nxg2 Rc7 17. Ne3 Rac8 18. Rac1 {½-½ (18) Bass,L (2485)-Franco Ocampos,Z (2475) Marchena 1990}) 15. e4 Rc7 16. Nd2 Rac8 17. Rac1 Qf6 18. Qxf6 Nexf6 19. f3 Kf8 20. Bf1 Ke7 21. Be2 g5 22. Kf2 g4 23. fxg4 Nxe4+ 24. Nxe4 Bxe4 25. g5 Ne5 26. Rd4 Bg6 27. h4 Nc6 28. Rd2 Ne5 29. h5 Be4 30. Rcd1 Nxc4 31. Bf6+ Ke8 32. Bxc4 Rxc4 33. Rxd6 Bd5 34. Re1 Kf8 35. Re2 1/2-1/2

[Event "Moscow"]
[Site "Moscow"]
[Date "1981.04.??"]
[Round "6"]
[White "Kasparov, Garry"]
[Black "Andersson, Ulf"]
[Result "1/2-1/2"]
[WhiteElo "2625"]
[BlackElo "2610"]
[Annotator "Belov,Igor"]
[PlyCount "166"]
[EventDate "1981.04.08"]
[EventType "tourn"]
[EventRounds "13"]
[EventCountry "URS"]
[EventCategory "15"]
[SourceTitle "MCL"]
[Source "ChessBase"]
[SourceDate "1999.07.01"]
[SourceVersion "1"]
[SourceVersionDate "1999.07.01"]
[SourceQuality "1"]

1. d4 Nf6 2. c4 e6 3. Nc3 Bb4 4. e3 c5 5. Nge2 cxd4 6. exd4 O-O 7. a3 Be7 8. d5 exd5 9. cxd5 Re8 (9... Bc5 10. Na4 d6 11. Nxc5 dxc5 12. Nc3 b6 13. Be2 Bb7 $10) 10. Be3 $6 (10. g3 Bc5 11. b4 Bb6 12. h3 a5 13. b5 Qc7 $10 {Gligoric,S-Timman,J/Niksic/1983/0:1 (27) Inf 36/670/}) (10. d6 $5 Bf8 11. g3 b6 (11... Re6 12. Bf4 Nh5 13. Be3 Rxd6 14. Qc2 Re6 15. Bg2 Nc6 $10 {Korchnoi,V-Kindermann,S/Beer-Sheva/1984/0,5 (24) Inf 37/620/}) 12. Bg2 Nc6 13. O-O Ba6 14. Re1 Rc8 15. Bf4 Ne5 $10 {Miles,A-Csom,I/Esbjerg/1984/0,5 (58) Inf 38/744/}) 10... d6 $6 (10... Ng4 $142 11. Bd4 Nh6 $1 12. Qd3 d6 13. Ng3 Nd7 14. Be2 Nc5 15. Qc2 Bf6 $15 {Semkov,S-Dzindzichashvili,R/Saint John/1988/1:0 (46) Inf 45/691/}) 11. h3 (11. g3 $5 $14) 11... Nbd7 (11... Bf8 12. g4 Ne4 13. Nxe4 Rxe4 14. Bg2 (14. Qd2 $5) 14... Rxe3 $5 15. fxe3 Qh4+ 16. Kd2 Nd7 17. Nd4 Ne5 $13 {Lukov,V-Vilela,J/Cienfuegos/1983/Inf 35/(647)/}) 12. Ng3 Bf8 13. Be2 Rxe3 $146 (13... g6 14. O-O Bg7 15. Bd4 $14 {Kasparov/}) ({RR} 13... Ne5 14. O-O Bd7 15. Bd4 Bc8 16. Rc1 a6 17. f4 Ned7 18. Bf3 Nc5 19. b4 Ncd7 20. Nce4 Nxe4 21. Nxe4 Be7 22. Qc2 Nf6 23. Ng5 h6 24. Bxf6 hxg5 25. Bxe7 Qxe7 26. Rce1 Qxe1 27. Rxe1 Rxe1+ 28. Kf2 {Dokutchaev,A (2435)-Phil,I (2092) Petrozavodsk 2012 1-0 (36)}) 14. fxe3 g6 15. O-O Qe7 16. Qd4 Bg7 (16... Bh6 $5 17. Rf3 Ne5 18. Rf2 (18. Rf4 $5 Bxf4 19. exf4 $14 {Kasparov/}) 18... Ned7 19. Nf1 $16) 17. Qf4 Ne8 $5 (17... Ne5 18. Rac1 Bd7 19. Nce4 Nxe4 20. Nxe4 f5 (20... Bf5 21. Ng3) 21. Nd2 $16) 18. Rac1 Be5 19. Qf2 Ndf6 20. Bd3 h5 21. Nge2 $1 Nh7 22. Nf4 Nf8 (22... Bd7 23. Nxh5 $1 gxh5 24. Bxh7+ Kxh7 25. Qxf7+ $18) 23. Nb5 a6 24. Nd4 Bd7 25. Rc2 (25. Nf3 $5 { e4,e1,e5/}) 25... Bg7 26. Qg3 Rb8 27. Re2 Nf6 (27... h4 $6 28. Qf2 { f3/}) 28. Nf3 Be8 $1 29. e4 N6d7 30. Rc2 Ne5 31. Nxe5 Bxe5 32. Qf2 Nd7 {× e5/} 33. b4 Qd8 34. Be2 Bg7 35. Nd3 Ne5 36. Nxe5 Bxe5 37. Rfc1 (37. h4 $5) 37... Kg7 38. Rc7 Qg5 $6 (38... h4 $142) 39. R1c2 (39. h4 $142) 39... h4 $1 40. Bg4 Kh6 $1 41. Kh1 b6 42. Ra7 (42. Bd7 Bxd7 43. Rxd7 f6 44. Rcc7 Rh8 45. Qxb6 Qf4 $132) 42... Bg3 43. Qd2 Bf4 44. Qd4 Be5 45. Qg1 $1 a5 46. Qc1 Bf4 47. Qa1 Be5 48. Qg1 {Zugzwang/} axb4 49. axb4 Bf4 50. Qa1 Be5 51. Qa3 $1 Kg7 (51... Qf4 52. Qc1) 52. Rf2 Bf6 53. Qd3 Qe5 54. Be6 $1 Kg8 55. Qf3 Kg7 56. Qf4 Qd4 57. Rf1 { d6/} b5 58. Bg4 $1 (58. Rc7 Ra8 { a1/}) 58... Rd8 $1 (58... Qxa7 59. Qxf6+ Kg8 60. Qxd6 $18) 59. Rc7 Qb2 (59... Ra8 60. Qxd6 Ra1 61. Rcc1 $18) 60. Rc2 $1 Qd4 61. Rd2 Qe5 (61... Qc3 62. Rd3 $1 Qb2 63. Rdf3 $1 Be5 64. Qg5 Ra8 65. Qe7 $18 {Kasparov/}) 62. Qxe5 Bxe5 63. Rc2 Bd7 $1 64. Be2 $6 (64. Bxd7 Rxd7 65. Rc8 $18) 64... f5 $1 65. Rc7 Kh6 66. Bd3 fxe4 67. Bxe4 Kg5 68. Bd3 Bd4 69. Rb7 $6 (69. Rf3 $1 Bb6 70. Rb7 Bd4 71. Kh2 $3 Be5+ 72. Kg1 Bd4+ 73. Kf1 $18 {Kasparov/}) 69... Bc3 $1 70. Bxb5 Bf5 71. Be2 Ra8 72. b5 Ra2 73. Bf3 Rb2 74. Rb8 Bd4 $44 75. Rd1 Bc5 76. Kh2 Be3 77. Re1 Bf2 78. Rf1 Bc5 79. Re8 Bd4 $1 80. Rd1 Bf2 $1 81. Be2 Bd7 82. Re4 Bf5 83. Re8 Bd7 1/2-1/2

[Event "URS-chT Republics 16th Group1"]
[Site "Moscow"]
[Date "1983.07.21"]
[Round "5"]
[White "Kasparov, Garry"]
[Black "Beliavsky, Alexander G"]
[Result "1/2-1/2"]
[WhiteElo "2690"]
[BlackElo "2565"]
[PlyCount "95"]
[EventDate "1983.07.15"]
[EventType "team-tourn"]
[EventRounds "5"]
[EventCountry "URS"]
[SourceTitle "EXT 2020"]
[Source "ChessBase"]
[SourceDate "2019.10.17"]
[SourceVersion "1"]
[SourceVersionDate "2019.10.17"]
[SourceQuality "1"]
[WhiteTeam "Azerbaijan"]
[BlackTeam "Ukraine"]
[WhiteTeamCountry "AZE"]
[BlackTeamCountry "UKR"]

1. d4 Nf6 2. c4 e6 3. Nc3 Bb4 4. a3 Bxc3+ 5. bxc3 c5 6. e3 Nc6 7. Bd3 e5 8. Ne2 ({RR} 8. d5 e4 9. Bb1 Na5 10. f3 O-O 11. fxe4 Nxe4 12. Nf3 f5 13. O-O d6 14. Bd3 b6 15. Qc2 Qe7 16. Nd2 Ba6 17. Nxe4 fxe4 18. Rxf8+ Rxf8 19. Bxe4 Bxc4 20. Bf3 Nb3 21. Rb1 Nxc1 22. Qxc1 Bd3 {Ortega Serra,M (2267)-Capellades Subirana,M (2195) Barcelona ESP 2025 0-1 (57)}) 8... d5 ({RR} 8... e4 9. Bc2 b6 10. Ng3 Ba6 11. Nxe4 Nxe4 12. Bxe4 Bxc4 13. Bd3 Bxd3 14. Qxd3 O-O 15. O-O Rc8 16. e4 cxd4 17. cxd4 d5 18. e5 Qd7 19. f4 f5 20. Bd2 Nd8 21. Bb4 Rf7 22. Rac1 Ne6 23. g3 {Ezat,M (2430)-Nabaty,T (2584) Ningbo 2011 0-1 (41)}) 9. e4 $146 ({RR} 9. cxd5 Qxd5 10. e4 Qd8 11. d5 Nb8 12. O-O O-O 13. c4 Ne8 14. f4 Nd7 15. Ng3 Nd6 16. Qh5 Qe7 17. Bb2 f6 18. Rae1 g6 19. Qh4 b6 20. Qg4 Kf7 21. h4 Ba6 22. fxe5 Nxe5 23. Qg5 Ke8 {Shianovsky,V-Ousatchi,M Kiev 1958 1-0 (40)}) 9... exd4 10. cxd4 cxd4 11. O-O Qa5 12. Bf4 Qc5 13. Nc1 Na5 14. Bd6 Qxd6 15. e5 Qc5 16. exf6 O-O 17. Rb1 a6 18. fxg7 Re8 19. Nb3 Nxb3 20. Rxb3 Rb8 21. Qb1 f5 22. Rb6 Re6 23. Rxe6 Bxe6 24. Re1 Bd7 25. Qb4 Qxb4 26. axb4 Kf7 27. Re5 Kf6 28. Rxd5 Be6 29. Rd6 Rg8 30. c5 Rxg7 31. Bc4 Re7 32. c6 bxc6 33. Rxc6 Kf7 34. Kf1 Bxc4+ 35. Rxc4 d3 36. Rd4 Re4 37. Rxd3 Rxb4 38. Rd7+ Kg6 39. Rd6+ Kg5 40. g3 f4 41. Kg2 fxg3 42. hxg3 Ra4 43. Kh3 Ra3 44. Rd5+ Kf6 45. Kg4 a5 46. Rd6+ Kg7 47. Ra6 h5+ 48. Kf4 1/2-1/2

[Event "EU-Cup 19th"]
[Site "Rethymno"]
[Date "2003.09.28"]
[Round "1.1"]
[White "Kasparov, Garry"]
[Black "Chuchelov, Vladimir"]
[Result "1-0"]
[WhiteElo "2830"]
[BlackElo "2608"]
[Annotator "Golod,Vitali"]
[PlyCount "53"]
[EventDate "2003.09.28"]
[EventType "team-swiss"]
[EventRounds "7"]
[EventCountry "GRE"]
[SourceTitle "CBM 098"]
[Source "ChessBase"]
[SourceDate "2004.02.03"]
[SourceVersion "1"]
[SourceVersionDate "2004.02.03"]
[SourceQuality "1"]
[WhiteTeam "Kazan Ladya"]
[BlackTeam "Eupen Rochade"]
[WhiteTeamCountry "RUS"]
[BlackTeamCountry "BEL"]

{[%mdl 1]} 1. d4 Nf6 2. c4 e6 3. Nc3 Bb4 4. Qc2 c5 5. dxc5 O-O 6. a3 Bxc5 7. Nf3 b6 8. Bf4 Nh5 9. Bg5 {From this move I shall use also comments of Garry Kasparov to this game in the site : www.worldchessrating.ru/ Further I shall designate comments of Garry Kasparov - G.K. G.K. "As a rule, in this position was met: 9. Bg3 that, on my sight, can cause of easy surprise".} (9. Bg3 {It's main line.You can see my comments to game: Gershon,A-Macieja,B/Bermuda 2003/CBM 94(1-0)(62)}) 9... Be7 10. h4 $5 {In my opinion, this continuation is much better than:} (10. Bxe7 {You can see annotations to games: Gurevich,M-Gulko,B/New York,1998/CBM 64(1-0)(Gurevich,M)(44) and Granero Roca,A-Marin,M/Andorra,2000/CBM 76(0-1)(Marin,M)(29)}) 10... Bb7 ({Also once were checked in the preceding games:} 10... Nc6) ({and} 10... f6) 11. O-O-O {[%csl Yc1] G.K. "Already here Black has problems. Up to the White king to reach difficultly, and White has pressure on a d and prepare to force threats on the king side".} ({RR} 11. e3 Na6 12. Bd3 h6 13. O-O-O Nc5 14. Bh7+ Kh8 15. Ne5 Nf6 16. Bd3 d6 17. Be2 Qc7 18. Nf3 Nfe4 19. Bxe7 Qxe7 20. Nd4 Nxf2 21. Ndb5 Nxh1 22. Rxh1 a6 23. Nd4 Qf6 24. Rf1 Qxh4 25. b4 Nd7 {Bok,B (2593)-Buchenau,F (2190) chess.com INT 2024 1-0 (35)}) 11... Nc6 ({Were checked in the preceding game:} 11... Bxf3 $5 12. Bxe7 Qxe7 13. exf3 f5 $5 14. Kb1 Nc6 15. g3 Nf6 16. Nb5 Ne8 17. Qd2 Rf7 18. f4 $14 {Kreizberg,M-Zagrebelny,S/Tel Aviv,2003(½-½)(70)}) 12. e4 $1 $146 {G.K. "For Black is not easy to make a move - threatens a b5; there is idea: to be exchanged on point "e7" g4 and Qd2".} ({The game,which have reached this position were continued as follows:} 12. g4 $6 Nf6 13. Bxf6 Bxf6 14. Ng5 $6 Bxg5+ 15. hxg5 Qxg5+ 16. e3 h6 $15 {Svetushkin,D-Ionescu,C/Bucharest,2002(0-1)(25)}) 12... Nf6 $146 {G.K. "After this move, we receive a known position with superfluous tempo for White: pawn, already in h4, and it has an effect. The position was played from a sheet".} ({RR} 12... Rc8 13. Nb5 h6 14. Bxe7 Qxe7 15. Nd6 Rc7 16. Kb1 Nf4 17. g3 Ng6 18. h5 Nge5 19. Nxe5 Nxe5 20. f4 Nc6 21. Rh2 Ba6 22. Qa4 Na5 23. Rhd2 Bc8 24. e5 Nc6 25. Qc2 f6 26. Qe4 fxe5 27. Bd3 {Bocharov,D (2606)-Ajrapetian,G (2366) Voronezh 2009 1-0}) ({RR} 12... Rc8 13. Nb5 f6 14. Be3 a6 15. Nd6 Bxd6 16. Rxd6 Qe7 17. Rd1 Na5 18. Bxb6 Nxc4 19. Bxc4 Rxc4 20. Qxc4 Rc8 21. Bc7 d5 22. Qb3 Rxc7+ 23. Kb1 dxe4 24. Nd4 Bd5 25. Qb8+ Kf7 26. Nf5 exf5 27. Rxd5 {Sumets,A (2546)-Gumularz,S (2517) Tornelo INT 2021 0-1 (52)}) 13. e5 Ng4 ({Very dubiously:} 13... Ne8 {in view of:} 14. Qd3 {[%csl Rd7]}) 14. Bf4 Rc8 ({Can it was necessary to decide on the more active continuation:} 14... f5 {(=14...f6)} 15. exf6 Bxf6 16. Bd6 (16. Ng5 $5 Bxg5 (16... g6 $4 17. Nxe6 {[%csl Rd8,Rf8]}) 17. Bxg5 Rxf2 $36) 16... Bxc3 17. bxc3 Rf6 18. Bd3 h6 $14) 15. Kb1 f5 $5 ({Leads to favourable complications for White:} 15... Na5 $2 16. Ng5 g6 17. f3 $1 Nh6 $140 18. Nxe6 {[%csl Rh6]} fxe6 19. Bxh6 $16) 16. exf6 Nxf6 ({Hardly it was better:} 16... Bxf6 17. Ng5 Bxg5 18. Bxg5 Qe8 19. f3 {[%csl Rg4]} Nge5 20. Nb5 {[%csl Rd6]} Nf7 21. Bd3 $36) 17. Ng5 Qe8 18. Nb5 {G.K. "I made this positional move, as I did not see the forced win,after:} (18. Bd3 g6 19. h5 (19. Nxh7 Kxh7 20. h5 Kg7 21. Bxg6 Qd8 $13) 19... Nxh5 $13 {".}) 18... e5 19. Bd3 $5 {G.K. "Very attractive move. But,maybe, it was necessary to play:} (19. Be3 $5 {keeping all benefits of a position".}) 19... e4 $5 {Besides Black has two principales moves.G.K. "After a game the debate was unwrapped around of:} (19... exf4 $143 {and here White has a win:} 20. Bxh7+ Kh8 21. Bg6 Qd8 22. Rhe1 $1 {This position I have estimated during the game and has come to a conclusion, that White has a win. The analysis shows, that it is a correct estimation:} f3 {(most interesting answer for Black)} (22... a6 23. Nd6 Bxd6 24. Rxd6 {(d1; xf6 and h5)} Qc7 (24... Na5 $2 25. Bf7 $18 {[%csl Gc2,Gd6,Yf6,Rh8][%cal Gc2g6,Gd6f6,Gg6h5,Yf7c4]}) 25. Qd1 f3 26. Nxf3 $18) 23. gxf3 a6 24. Bf7 $1 axb5 $140 25. Qg6 $3 {Continuation of attack: h4-h5-h6, roughly breaking a defense of the contender, Black has no protection"}) ({G.K. "Alas,all these beauty are not obligatory.At Black there is a correct,rigid move:} 19... g6 $1 20. Nxh7 $5 (20. h5 exf4 21. hxg6 $13) 20... Kxh7 21. h5 $44 {".}) 20. Be2 ({Leads to unclear position:} 20. Bxe4 Nxe4 21. Qxe4 (21. Nxe4 $2 Rxf4 22. Ned6 {[%csl Rb7,Rc8,Re8]} Qf8 {[%csl Rf2]} (22... Bxd6 $143 23. Nxd6 Qe6 24. Rhe1 Ne5 $13 {[%csl Rc4]}) 23. Nxb7 Rxf2 $15) 21... Bxg5 22. Qxe8 (22. Qd5+ $143 Kh8 23. Bxg5 Rxf2 $132) 22... Rcxe8 23. Bxg5 Rxf2 24. Rxd7 Bc8 $44 {[%csl Rb1,Rg2]}) 20... h6 21. Nd6 Bxd6 22. Bxd6 hxg5 $2 {Black had an uneasy choice, and he did not manage to find the best continuation. This move is connected with tactical miscalculation.} ({Also weakly:} 22... Ne5 $2 {[%cal Ge5d3] in view of:} 23. Qc3 $16 {[%csl Re5,Rf8]}) ({It was necessary:} 22... Ne7 23. Nh3 $14) 23. hxg5 Nh7 {[%tqu "En","Black's 22-th move was a blunder. How can White exploit it?","","","h1h7","G.K. 'The contender has yawned this a little bit not obvious move'. White have broken through a defense of the contender.",10]} 24. Rxh7 $1 {G.K. "The contender has yawned this a little bit not obvious move". White have broken through a defense of the contender.} Kxh7 25. Bxf8 Qxf8 ({I do not think that it was much better:} 25... Ne5 26. Bd6 Nd3 27. f3 {[%csl Rd3,Rh7]}) 26. Qxe4+ $18 Kg8 $8 (26... g6 $2 27. Rxd7+ {[%csl Rb7,Rh7][%cal Ge4g6,Ge4h4]}) (26... Kh8 $2 27. Rh1+ Kg8 28. Qd5+ Qf7 29. Rh8+) 27. Qd5+ $1 (27. Qd5+ $1 {After this move Black resigned, because of these variations:} Qf7 (27... Kh7 $2 28. Rh1+ Kg6 29. Bd3+ Qf5 30. Qxf5#) (27... Kh8 $2 28. Rh1#) 28. Qxf7+ Kxf7 29. Rxd7+ {[%csl Rb7,Rf7]}) 1-0

[Event "Baku 20 Years"]
[Site "Baku"]
[Date "1980.03.30"]
[Round "1"]
[White "Kasparov, Garry"]
[Black "Csom, Istvan"]
[Result "1-0"]
[WhiteElo "2595"]
[BlackElo "2510"]
[Annotator "ChessBase"]
[PlyCount "57"]
[EventDate "1980.03.30"]
[EventType "tourn"]
[EventRounds "15"]
[EventCountry "URS"]
[EventCategory "10"]
[SourceTitle "EXT 2000"]
[Source "ChessBase"]
[SourceDate "1999.11.16"]
[SourceVersion "1"]
[SourceVersionDate "1999.11.16"]
[SourceQuality "1"]

1. d4 Nf6 2. c4 e6 3. Nc3 Bb4 4. e3 c5 5. Nge2 cxd4 6. exd4 O-O (6... d5) 7. a3 Be7 8. d5 (8. g3 d5 (8... Qc7 $5) 9. c5) 8... exd5 9. cxd5 Re8 (9... Bc5 $5 $13) 10. g3 (10. Be3 Ng4 (10... d6 {/}) 11. Bd4 Nh6 $3 { f5} (11... Bf6 {/}) (11... d6) 12. g4 (12. Ng3 Bxa3+ 13. Be2 Bxb2 14. Nb5 $13 {Ree-Ligtering/1984/}) 12... d6 13. h3 f5 $17 {Groszpeter-Adorjan/1983/}) (10. d6 Bf8 11. g3 Re6 12. Bg2 Rxd6 13. Qc2 $36) 10... Bc5 11. Bg2 (11. Na4 b6 $1 (11... Bf8 12. Bg2 d6 13. O-O Nbd7 14. Be3 Ne5 15. Bd4 {/ Polugajevsky-Cholmov/1961/}) 12. Nxc5 bxc5 13. Bg2 Ba6 14. Be3 Ng4) 11... d6 (11... Ng4 12. O-O Qf6 (12... Qb6 13. Ne4 (13. Qe1) 13... Rxe4 14. Bxe4 Nxf2 15. Rxf2 Bxf2+ 16. Kg2 d6 17. Bxh7+) 13. Nf4 Nxf2 14. Rxf2 Bxf2+ 15. Kxf2 g5 16. Ne4 Qb6+ 17. Be3 Qxb2+ 18. Kg1) 12. h3 $1 (12. O-O Bg4) 12... Bf5 $6 (12... a6 $1 13. O-O Nbd7 14. Nd4 Ne5 { 15.... d7= Chandler-Andersson/1980/}) 13. O-O Nbd7 $6 (13... Ne4 {} 14. Na4 Nd7) 14. g4 $1 Be4 (14... Bg6 15. Ng3 Ne5 16. g5 Nfd7 17. Nce4) ({RR} 14... Bg6 15. Nf4 a6 16. Nxg6 hxg6 17. Bg5 Ba7 18. Rc1 Qb6 19. b4 Ne5 20. Bxf6 gxf6 21. Ne4 Kg7 22. Qd2 Rec8 23. Kh1 Qd8 24. Rfe1 f5 25. gxf5 gxf5 26. Ng3 Kg6 27. f4 Ng4 28. Rxc8 Rxc8 29. Rf1 {Uraev,I (2247)-Tolkanov,V (2300) Kirov 2014 0-1 (34)}) 15. Ng3 Bxg2 16. Kxg2 Nf8 $146 ({RR} 16... Ne5 17. g5 Nfd7 18. h4 g6 19. Nce4 a5 20. f4 Nc4 21. Qd3 b5 22. b3 Ncb6 23. Bb2 b4 24. a4 Re7 25. Nf6+ Nxf6 26. Bxf6 Re3 27. Qxe3 Bxe3 28. Bxd8 Rxd8 29. Kf3 Bc5 30. Rad1 Nd7 31. Ne4 {Hua,L (2267)-Hebert,J (2422) Montreal 2003 1-0 (40)}) 17. g5 N6d7 18. h4 Ne5 (18... Rc8 {  19.... b6, 20.... c5}) 19. h5 $1 { ce4, h6;  ce4, b3, f4} f6 20. Nce4 $1 fxg5 (20... Nfd7 21. f4 Nf7 (21... Nc4 22. Qd3 b5 23. b3) 22. g6) (20... Qd7 21. h6) 21. Bxg5 Qb6 22. h6 Nf7 23. hxg7 Nd7 24. Nf6+ $18 Nxf6 25. Bxf6 { 26.b4 +-} Qb5 26. Rh1 Bb6 27. Qf3 $1 Ne5 (27... Bd8 28. Bc3 Ne5 29. Qf5 Qxd5+ 30. Ne4) 28. Nf5 $1 (28. Qf5 $18) 28... Nf7 29. Rxh7 $1 1-0

[Event "Olympiad-25"]
[Site "Luzern"]
[Date "1982.11.02"]
[Round "4"]
[White "Kasparov, Garry"]
[Black "Gligoric, Svetozar"]
[Result "1-0"]
[WhiteElo "2675"]
[BlackElo "2535"]
[PlyCount "101"]
[EventDate "1982.10.30"]
[EventType "team-swiss"]
[EventRounds "14"]
[EventCountry "SUI"]
[SourceTitle "EXT 1997"]
[Source "ChessBase"]
[SourceDate "1996.11.15"]
[SourceVersion "1"]
[SourceVersionDate "1996.11.15"]
[SourceQuality "1"]
[WhiteTeam "Soviet Union"]
[BlackTeam "Yugoslavia"]
[WhiteTeamCountry "URS"]
[BlackTeamCountry "YUG"]

1. d4 Nf6 2. c4 e6 3. Nf3 b6 4. Nc3 Bb4 5. Qc2 Bb7 6. a3 Bxc3+ 7. Qxc3 d6 8. e3 Nbd7 9. b4 O-O 10. Bb2 Qe7 11. Bd3 ({RR} 11. Be2 Ne4 12. Qc2 f5 13. O-O Ng5 14. Nxg5 Qxg5 15. d5 exd5 16. Bf3 c6 17. cxd5 c5 18. g3 Qe7 19. Bg2 Rac8 20. Qa4 a6 21. Rac1 b5 22. Qa5 Qd8 23. Qxd8 Rcxd8 24. a4 c4 25. Rfd1 Nb6 {Nikcevic,N (2342)-Bryakin,M (2467) Herceg Novi MNE 2024 0-1 (57)}) 11... c5 12. dxc5 ({RR} 12. O-O cxd4 13. Nxd4 Ne5 14. Rac1 Rfc8 15. Qd2 Nxd3 16. Qxd3 d5 17. cxd5 Nxd5 18. b5 Qe8 19. h3 Rxc1 20. Rxc1 Rc8 21. Re1 Ne7 22. a4 Qd7 23. Qd1 Ng6 24. Nf3 Nf8 25. Ba3 Qc7 26. Qd4 Qc3 {Karpov,A (2710)-Polugaevsky,L (2625) Moscow 1983 ½-½ (56)}) 12... bxc5 13. Be2 $146 ({RR} 13. O-O cxb4 14. axb4 Bxf3 15. gxf3 Ne5 16. Be2 Qb7 17. Kg2 Rfc8 18. Rg1 Rab8 19. b5 Rxc4 20. Bxc4 Qxf3+ 21. Kf1 Ne4 22. Qc2 Nxc4 23. Rxg7+ Kf8 24. Kg1 Rxb5 25. Rxa7 Ng5 26. e4 Nh3+ {0-1 (26) Kelecevic,N (2410)-Cvitan,O (2470) Pula 1984}) 13... d5 14. cxd5 Bxd5 15. O-O cxb4 16. axb4 Rfc8 17. Qd4 Nb6 18. Rfc1 Rxc1+ 19. Rxc1 Rc8 20. Rxc8+ Nxc8 21. Ne5 Nd6 22. f3 Qc7 23. e4 Ba8 24. b5 Nfe8 25. Qa4 f5 26. Qb3 Qc8 27. exf5 Qc5+ 28. Kf1 Bd5 29. Qa3 Qxa3 30. Bxa3 exf5 31. Bc5 Nc8 32. Nc6 Kf7 33. Nxa7 Nxa7 34. Bxa7 Ke6 35. Bd4 g6 36. Kf2 Nd6 37. Ke3 g5 38. g3 Nc4+ 39. Kd3 Nd6 40. Kc3 f4 41. Kb4 fxg3 42. hxg3 h5 43. Bf2 Nf5 44. f4 gxf4 45. gxf4 Ng7 46. Kc5 Bg2 47. Bd4 h4 48. Bxg7 h3 49. Bg4+ Ke7 50. Bxh3 Bxh3 51. Kb6 1-0

[Event "Olympiad-30"]
[Site "Manila"]
[Date "1992.06.20"]
[Round "11.1"]
[White "Kasparov, Garry"]
[Black "Hjartarson, Johann"]
[Result "1-0"]
[WhiteElo "2780"]
[BlackElo "2580"]
[PlyCount "67"]
[EventDate "1992.06.08"]
[EventType "team-swiss"]
[EventRounds "14"]
[EventCountry "PHI"]
[SourceTitle "TD"]
[Source "ChessBase"]
[SourceDate "1994.03.01"]
[SourceVersion "1"]
[SourceVersionDate "1994.03.01"]
[SourceQuality "1"]
[WhiteTeam "Russia"]
[BlackTeam "Iceland"]
[WhiteTeamCountry "RUS"]
[BlackTeamCountry "ISL"]

1. Nf3 Nf6 2. c4 e6 3. Nc3 Bb4 4. Qc2 O-O 5. a3 Bxc3 6. Qxc3 b6 7. b4 Bb7 8. Bb2 d6 9. e3 Nbd7 10. d4 Ne4 11. Qc2 c5 ({RR} 11... f5 12. d5 Qe7 13. Nd4 exd5 14. cxd5 Bxd5 15. Bc4 Bxc4 16. Qxc4+ Qf7 17. Qxf7+ Rxf7 18. f3 c5 19. Nb5 a6 20. Nc7 Rc8 21. Nxa6 Nef6 22. Rd1 Ne8 23. Ke2 Ra8 24. b5 Nb8 25. Nxb8 Rxb8 26. Kd3 {Rychagov,A (2572)-Alekseev,E (2639) Ramenskoe 2006 ½-½ (53)}) ({RR} 11... Qe7 12. Be2 f5 13. O-O Rae8 14. Rfd1 Ng5 15. d5 e5 16. Nxg5 Qxg5 17. Qd2 Nf6 18. f3 h6 19. a4 Bc8 20. b5 Nd7 21. a5 Nc5 22. Ra3 Rf6 23. Bf1 Rg6 24. Qf2 f4 25. e4 h5 26. axb6 {Indjic,A (2641)-Pranav,V (2545) chess.com INT 2023 ½-½ (52)}) 12. Bd3 f5 13. O-O Qe8 $146 ({RR} 13... Qe7 14. bxc5 dxc5 15. Rad1 Rac8 16. Ne5 cxd4 17. Nxd7 Qxd7 18. exd4 b5 19. Qe2 bxc4 20. Bxc4 Bd5 21. Bb5 Qd6 22. Rc1 Rb8 23. a4 a6 24. Bc4 Qb4 25. Ba1 Qxa4 26. f3 Nf6 27. Bxa6 Ra8 28. Bb5 {Thorsteins,K (2440)-Tisdall,J (2425) Akureyri 1988 ½-½ (44)}) 14. Nd2 Nxd2 15. Qxd2 Qh5 16. Be2 Qg5 17. f3 Rad8 18. Rad1 e5 19. dxe5 dxe5 20. b5 f4 21. Qd6 fxe3 22. Qc7 Bc8 23. Rd5 Rde8 24. Rxd7 Bxd7 25. Qxd7 Rd8 26. Qe6+ Kh8 27. Qxe5 Qxe5 28. Bxe5 Rd2 29. Re1 Ra2 30. f4 Rd8 31. h4 Rdd2 32. Bf3 Rxa3 33. h5 h6 34. Kh2 1-0